Testigos y servidores de la palabra: manual de formación catequética

Saved in:
Bibliographic Details
Corporate Author: CELAM (Author)
Format: Book
Language:Spanish
Published: Bogotá CELAM 2005
Buenos Aires Agape Libros 2005
Edition:1a. ed
Series:Pastoral para la Evangelización Liberadora en América Latina
Subjects:
Tags: Add Tag
No Tags, Be the first to tag this record!

MARC

LEADER 00000cam a2200000 a 4500
001 UCE9052
003 CL-VaPUC
008 150928e20050000ck |||||||||||||||||spa|d
020 |a 9871204051 
082 0 4 |a 268.3  |b CEL  |2 21 
110 2 |a CELAM  |e author  |9 581759 
245 1 0 |a Testigos y servidores de la palabra: manual de formación catequética 
250 |a 1a. ed 
300 |a 408 p 
942 |c BK 
945 |d 20150928 14:02:00  |a dcastane 
260 |a Bogotá  |b CELAM  |c 2005 
260 |a Buenos Aires  |b Agape Libros  |c 2005 
650 0 |a Catequesis  |9 314526 
650 0 |a Métodos de enseñanza  |9 270413 
650 0 |a Enseñanza de la religión  |9 432005 
583 |a last modification  |c 20150928 14:02:00  |k Rodrigo Vera 
490 0 |a Pastoral para la Evangelización Liberadora en América Latina 
999 |c 360779  |d 360777 
952 |0 0  |1 0  |3 erb  |4 0  |6 268_300000000000000_CEL_2005_2005  |7 0  |8 A  |9 470735  |a BIBTEO  |b BIBTEO  |i 520013K  |o 268.3 CEL 2005 2005  |p 520013K  |r 2025-01-17  |w 2019-11-23  |y BK  |z Catalogado en:20150928  |k ICR